LEADER 00618nam a2200169 i 4500 001 000000255722 003 CaOOAMICUS 005 20171013000000.0 008 171013s1843 xx u000 u eng u 013 $a234630 040 $aSeMil$bita 245 10$aVol. 2. 300 $a503 p. 773 0 $aMacaulay, Thomas Babington <1800-1859>$tCritical and historical essays.$b2. Edition. In three volumes$dLondon : Longman, Brown, Green, and Longmans, 1843.$g2$w()6086 850 $aSeMil 852 $aSeMil$W1$xVenegono$y1$m1D VII 29 FA$j206068$B206068$CSeMilBibl$Z2$F219484 $8I 996 $6245$aVol. 2$9(OLS)http://semarc/title/13458